Structuralism / (Record no. 67078)
[ view plain ]
| 000 -LEADER | |
|---|---|
| fixed length control field | 00886nam a2200265 a 4500 |
| 001 - CONTROL NUMBER | |
| control field | 67078 |
| 003 - CONTROL NUMBER IDENTIFIER | |
| rucl marc code | BD-RjUL |
| 005 - DATE AND TIME OF LATEST TRANSACTION | |
| control field | 20211209081619.0 |
| 008 - FIXED-LENGTH DATA ELEMENTS--GENERAL INFORMATION | |
| fixed length control field | 170321r19731971enk b 001 0 eng |
| 020 ## - INTERNATIONAL STANDARD BOOK NUMBER | |
| International Standard Book Number | 0710070160 |
| International Standard Book Number | 0710070446 (pbk.) |
| 035 ## - SYSTEM CONTROL NUMBER | |
| System control number | (BD-RjUL)67209 |
| 040 ## - CATALOGING SOURCE | |
| Original cataloging agency | DLC |
| Transcribing agency | DLC |
| Modifying agency | BD-RjUL |
| Language of cataloging | eng |
| 041 1# - LANGUAGE CODE | |
| Language code of text/sound track or separate title | eng |
| Language code of original | fre |
| 082 ## - DEWEY DECIMAL CLASSIFICATION NUMBER | |
| Classification number | 149.97 |
| Edition number | 23 |
| Author mark and year | PIS 1973 |
| 100 1# - MAIN ENTRY--PERSONAL NAME | |
| Personal name | Piaget, Jean, |
| Dates associated with a name | 1896-1980. |
| 9 (RLIN) | 198693 |
| 245 10 - TITLE STATEMENT | |
| Title | Structuralism / |
| Statement of responsibility, etc. | Jean Piaget ; translated [from the French] and edited by Chaninah Maschler. |
| 260 ## - PUBLICATION, DISTRIBUTION, ETC. (IMPRINT) | |
| Place of publication, distribution, etc. | London : |
| Name of publisher, distributor, etc. | Routledge & Kegan Paul, |
| Date of publication, distribution, etc. | 1971, [reprinted 1973] |
| 300 ## - PHYSICAL DESCRIPTION | |
| Pagination | vi, 153 p. ; |
| Size | 22 cm. |
| 500 ## - GENERAL NOTE | |
| General note | Translation of: Le Structuralisme, first published by Presses Universitaires de France, 1968. |
| 504 ## - BIBLIOGRAPHY, ETC. NOTE | |
| Bibliography, etc | Bibliography: p. [145]-146. |
| Bibliography, etc | Includes index. |
| 650 #0 - SUBJECT ADDED ENTRY--TOPICAL TERM | |
| Topical term or geographic name as entry element | Structuralism. |
| 9 (RLIN) | 90532 |
| 942 ## - ADDED ENTRY ELEMENTS (KOHA) | |
| Source of classification or shelving scheme | Dewey Decimal Classification |
| Koha item type | Books |
| Lost status | Source of classification or shelving scheme | Damaged status | Not for loan | Collection code | Permanent Location | Current Location | Shelving location | Date acquired | Source of acquisition | Cost, normal purchase price | Total Checkouts | Full call number | Date last seen | Copy number | Koha item type |
|---|---|---|---|---|---|---|---|---|---|---|---|---|---|---|---|
| Dewey Decimal Classification | Not For Loan | Non-fiction | Central Library, University of Rajshahi | Central Library, University of Rajshahi | Reading Room | 22/12/1975 | GOtidhara | 0.50 | 149.97 PIS 1973 | 22/03/2017 | C-1 | Books |